[Event "Pan American-ch U08"]
[Site "San Jose"]
[Date "2017.07.02"]
[Round "3"]
[White "Lopez Rayo, Santiago"]
[Black "Mandujano Gutierrez, Rodrigo Juaquin"]
[Result "1-0"]
[WhiteElo "1531"]
[BlackElo "1237"]
[PlyCount "51"]
[EventDate "2017.07.01"]
[EventType "swiss"]
[EventRounds "9"]
[EventCountry "CRI"]
[SourceTitle "EXT 2022"]
[Source "ChessBase"]
[SourceDate "2021.10.06"]
[SourceVersion "1"]
[SourceVersionDate "2021.10.06"]
[SourceQuality "1"]

1. e4 c5 2. Nf3 d6 3. d4 cxd4 4. Nxd4 Nf6 5. Nc3 a6 6. Be2 e6 7. 0-0 Be7 8. Kh1 0-0 9. f4 Qc7 10. Bf3 Nc6 11. Be3 Rb8 12. Qd2 Nxd4 13. Bxd4 b5 14. e5 Ne8 15. Rad1 d5 16. a3 Bb7 17. Bg4 Rc8 18. b4 h6 19. f5 Bg5 20. Qe2 exf5 21. Bxf5 Ra8 22. e6 fxe6 23. Bxe6+ Kh7 24. Qd3+ g6 25. Rxf8 Qb8 26. Bg8# 1-0